Logic and critical thinking / (Record no. 39365)
[ view plain ]
| 000 -LEADER | |
|---|---|
| fixed length control field | 00629nam a2200181 a 4500 |
| 005 - DATE AND TIME OF LATEST TRANSACTION | |
| control field | 20150811131803.0 |
| 008 - FIXED-LENGTH DATA ELEMENTS--GENERAL INFORMATION | |
| fixed length control field | |
| 100 ## - MAIN ENTRY--PERSONAL NAME | |
| Personal name | Villasoto, Herminigildo S. |
| 245 #0 - TITLE STATEMENT | |
| Title | Logic and critical thinking / |
| Statement of responsibility, etc | Herminigildo S. Villasoto, Leonardo E. Dollentas and Nestor G. Limqueco. |
| 260 ## - PUBLICATION, DISTRIBUTION, ETC. (IMPRINT) | |
| Place of publication, distribution, etc | Mandaluyong City : Books Atbp. Publishing Corp., |
| Date of publication, distribution, etc | c2013. |
| 300 ## - PHYSICAL DESCRIPTION | |
| Extent | xii, 288 p. : |
| Other physical details | ill. ; |
| Dimensions | 22 cm. |
| 500 ## - GENERAL NOTE | |
| General note | Includes bibliographical references. |
| 650 ## - SUBJECT ADDED ENTRY--TOPICAL TERM | |
| Topical term or geographic name as entry element | Logic. |
| 650 ## - SUBJECT ADDED ENTRY--TOPICAL TERM | |
| Topical term or geographic name as entry element | Critical thinking. |
| 700 ## - ADDED ENTRY--PERSONAL NAME | |
| Personal name | Limqueco, Nestor G. |
| 700 ## - ADDED ENTRY--PERSONAL NAME | |
| Personal name | Dollentas, Leonardo E. |
| 942 ## - ADDED ENTRY ELEMENTS (KOHA) | |
| Source of classification or shelving scheme | Library of Congress Classification |
| Item type | Books |
| Withdrawn status | Lost status | Source of classification or shelving scheme | Damaged status | Not for loan | Home library | Current library | Shelving location | Date acquired | Cost, normal purchase price | Inventory number | Total Checkouts | Full call number | Barcode | Date last seen | Price effective from | Koha item type |
|---|---|---|---|---|---|---|---|---|---|---|---|---|---|---|---|---|
| Library of Congress Classification | BSOP Library | BSOP Library | Filipiniana | 08/11/2015 | 360.00 | 37254 | BC177 V71 2013 | 00047254 | 08/11/2015 | 08/11/2015 | Books |
